• 首页
  • 本馆介绍
  • 公告通知
  • 最新文献
  • 馆藏检索
  • 电子资源
  • 读者导购
  • 参考咨询
  • 我的图书馆
  • 登录
  • 详细信息显示
  • 放入我的书架
  • 预约/预借图书
  • 作者相关作品
  • 分类相关作品
  • 丛书相关作品
  • 出版社相关作品

书目信息

  • 表格格式
  • 工作单格式
  • 卡片格式
题名:
晋察冀抗日根据地史
    
 
作者: 谢忠厚 , 肖银成 主编
分册:  
出版信息: 北京   改革出版社  1992.6
页数: 628页
开本: 20cm
丛书名:
单 册:
中图分类: K269.5
科图分类:
主题词: 晋察冀抗日根据地--历史
电子资源:
ISBN: 7-80072-263-5
000 00819nam0 2200229 45
001 0193021284
005 20060106101252.90
010    @a7-80072-263-5@dCNY13.50
100    @a19800101d1992 em y0chiy0121 ea
101 0  @achi
102    @aCN@b110000
105    @ay z 000yy
200 10 @a晋察冀抗日根据地史@AJIN CHA JI KANG RI GEN JU DI SHI@f谢忠厚,肖银成主编@FXIE ZHONG HOU , XIAO YIN CHENG ZHU BIAN
210    @a北京@c改革出版社@d1992.6
215    @a628页@d20cm
330    @a本书围绕敌后抗战,阐述了边区根据地进行的军事、政治、经济、文化等各方面的斗争和改革与建设的政策措施及主要成就等。
606    @a晋察冀抗日根据地@x历史
690    @aK269.5@v三版
701  0 @a谢忠厚@AXIE ZHONG HOU@4主编
701  0 @a肖银成@AXIAO YIN CHENG@4主编
801  0 @aCN@bNLC@c20060106
905    @f2@b250893-894@f1@b250896@dK269.5@e34
    
    晋察冀抗日根据地史/谢忠厚,肖银成主编.-北京:改革出版社,1992.6
    628页;20cm
    
    
    ISBN 7-80072-263-5:CNY13.50
    本书围绕敌后抗战,阐述了边区根据地进行的军事、政治、经济、文化等各方面的斗争和改革与建设的政策措施及主要成就等。
●
相关链接 在E读中查询图书 在五车中查询图书 在当当中查询图书 在豆瓣中查询图书


正题名:晋察冀抗日根据地史     索取号:K269.5/34         预约/预借

序号 登录号 条形码 馆藏地/架位号 状态 备注
1 0250893   000353389   第二借阅区/ [索取号:K269.5/34] 在馆    
2 0250894   000353405   第二借阅区/ [索取号:K269.5/34] 在馆    
3 0250895   000353398   第二样本阅览室/ [索取号:K269.5/34] 在馆    
4 0250896   000353370   第二借阅区/ [索取号:K269.5/34] 在馆    
5 0250897   202187034   密集书库/ [索取号:K269.5/34] 在馆    
唐山师范学院图书馆 欢迎您!
大连网信软件有限公司© 版权所有